<?xml version="1.0" encoding="UTF-8"?>
<record
    xmlns:xsi="http://www.w3.org/2001/XMLSchema-instance"
    xsi:schemaLocation="http://www.loc.gov/MARC21/slim http://www.loc.gov/standards/marcxml/schema/MARC21slim.xsd"
    xmlns="http://www.loc.gov/MARC21/slim">

  <leader>00592nam a22001577a 4500</leader>
  <controlfield tag="005">20250909102948.0</controlfield>
  <controlfield tag="008">250909b        |||||||| |||| 00| 0 eng d</controlfield>
  <datafield tag="020" ind1=" " ind2=" ">
    <subfield code="a">9789694164281</subfield>
  </datafield>
  <datafield tag="040" ind1=" " ind2=" ">
    <subfield code="c">PK-LaUMT</subfield>
  </datafield>
  <datafield tag="082" ind1=" " ind2=" ">
    <subfield code="a">297.4</subfield>
    <subfield code="b">SOH-S</subfield>
  </datafield>
  <datafield tag="100" ind1=" " ind2=" ">
    <subfield code="a">Sohail Umar, Muhammad = &#x633;&#x6C1;&#x6CC;&#x644; &#x639;&#x645;&#x631;&#x60C; &#x645;&#x62D;&#x645;&#x62F;</subfield>
    <subfield code="9">7154</subfield>
  </datafield>
  <datafield tag="245" ind1=" " ind2=" ">
    <subfield code="a">Sero safar hamara =  &#x633;&#x6CC;&#x631; &#x648; &#x633;&#x641;&#x631; &#x6C1;&#x645;&#x627;&#x631;&#x627; :</subfield>
    <subfield code="b">tabsaray&#x6D4; tazkaray&#x6D4; guftguen =   &#x62A;&#x628;&#x635;&#x631;&#x6D4; &#x62A;&#x630;&#x6A9;&#x631;&#x6D2;&#x6D4; &#x6AF;&#x641;&#x62A;&#x6AF;&#x648;&#x626;&#x6CC;&#x6BA; /</subfield>
    <subfield code="c">by Muhammad Sohail Umar = &#x645;&#x62D;&#x645;&#x62F; &#x633;&#x6C1;&#x6CC;&#x644; &#x639;&#x645;&#x631;</subfield>
  </datafield>
  <datafield tag="260" ind1=" " ind2=" ">
    <subfield code="a">Lahore :</subfield>
    <subfield code="b">Iqbal Academy Pakistan,</subfield>
    <subfield code="c">2009</subfield>
  </datafield>
  <datafield tag="300" ind1=" " ind2=" ">
    <subfield code="a">256 p.</subfield>
  </datafield>
  <datafield tag="942" ind1=" " ind2=" ">
    <subfield code="c">BK</subfield>
  </datafield>
  <datafield tag="999" ind1=" " ind2=" ">
    <subfield code="c">138518</subfield>
    <subfield code="d">138518</subfield>
  </datafield>
  <datafield tag="952" ind1=" " ind2=" ">
    <subfield code="0">0</subfield>
    <subfield code="1">0</subfield>
    <subfield code="4">0</subfield>
    <subfield code="7">0</subfield>
    <subfield code="a">01</subfield>
    <subfield code="b">01</subfield>
    <subfield code="d">2025-09-09</subfield>
    <subfield code="l">0</subfield>
    <subfield code="o">297.4 SOH-S</subfield>
    <subfield code="p">150675</subfield>
    <subfield code="r">2025-09-09 10:30:00</subfield>
    <subfield code="w">2025-09-09</subfield>
    <subfield code="y">BK</subfield>
  </datafield>
</record>
